| 000 | 00514nam a22001697a 4500 | ||
|---|---|---|---|
| 999 |
_c64197 _d64197 |
||
| 005 | 20260501113433.0 | ||
| 008 | 260501s1997 enk||||| |||| 00| 0 eng d | ||
| 020 | _a9780192800183x | ||
| 041 | _aeng | ||
| 080 | _a33(038) B-64 | ||
| 100 |
_aBlack, John _927404 |
||
| 245 |
_aA Dictionary of Economics / _cJohn Black. |
||
| 264 |
_aOxford : _b Oxford University Press, _c1997. |
||
| 300 |
_a520 p. ; _b20 cm. |
||
| 653 | _aეკონომიკის ლექსიკონი | ||
| 942 |
_2udc _cᲬᲘᲒᲜᲘ |
||